| 000 | 00552cam a2200145 4500500 | ||
|---|---|---|---|
| 005 | 20251012013737.0 | ||
| 041 | _afre | ||
| 042 | _adc | ||
| 100 | 1 | 0 |
_aLabey, Gildas _eauthor |
| 245 | 0 | 0 | _aCorine Pelluchon, La démocratie sans emprise ou la puissance du féminin, Rivages, “Bibliothèque Rivages”, 2025, 180 pages, €18 |
| 260 | _c2025. | ||
| 500 | _a46 | ||
| 786 | 0 | _nÉtudes | Juillet-Août | 7-8 | 2025-07-01 | p. 134-135 | 0014-1941 | |
| 856 | 4 | 1 | _uhttps://shs.cairn.info/journal-etudes-2025-7-8-page-134?lang=en&redirect-ssocas=7080 |
| 999 |
_c1530042 _d1530042 |
||